书目信息 |
| 题名: |
仿射微分几何
|
|
| 作者: | 苏步青 著 | |
| 分册: | ||
| 出版信息: | 北京 科学出版社 1982 |
|
| 页数: | 260页 | |
| 开本: | 21cm | |
| 丛书名: | 纯粹数学与应用数学专著 | |
| 单 册: | ||
| 中图分类: | O186.13 | |
| 科图分类: | ||
| 主题词: | 仿射微分几何 | |
| 电子资源: | ||
| ISBN: | ||
| 000 | 00723nam2 2200253 45 | |
| 001 | 0182000952 | |
| 005 | 20060427145042.15 | |
| 010 | @b精装@dCNY2.60 | |
| 091 | @a13031.1893 | |
| 100 | @a19950407d1982 em y0chiy0121 ea | |
| 101 | 0 | @achi |
| 102 | @aCN@b110000 | |
| 105 | @ay z 000yy | |
| 200 | 10 | @a仿射微分几何@Afang she wei fen ji he@f苏步青著@Fsu bu qing zhu |
| 210 | @a北京@c科学出版社@d1982 | |
| 215 | @a260页@d21cm | |
| 225 | 2 | @a纯粹数学与应用数学专著@v第10号 |
| 410 | 0 | @120010@a纯粹数学与应用数学专著 |
| 606 | @a仿射微分几何 | |
| 690 | @aO186.13@v3 | |
| 701 | 0 | @a苏步青@Asu bu qing@4著 |
| 801 | 2 | @aCN@bNLC@c20060427 |
| 801 | 0 | @aCN@b上海图书馆@c20040524 |
| 905 | @f1@b78016@dO186.13@e13@b78018@f1 | |
| 仿射微分几何/苏步青著.-北京:科学出版社,1982 |
| 260页;21cm.-(纯粹数学与应用数学专著;第10号) |
| ISBN (精装):CNY2.60 |
| ● |
| 相关链接 |
|
|
|
|
正题名:仿射微分几何
索取号:O186.13/13
 
预约/预借
| 序号 | 登录号 | 条形码 | 馆藏地/架位号 | 状态 | 备注 |
| 1 | 0078016 | 000396805 | 密集书库/ [索取号:O186.13/13] | 在馆 | |
| 2 | 0078017 | 202271326 | 密集书库/ [索取号:O186.13/13] | 在馆 | |
| 3 | 0078018 | 000396789 | 第三借阅区/ [索取号:O186.13/13] | 在馆 | |
| 4 | 0078019 | 202271291 | 密集书库/ [索取号:O186.13/13] | 在馆 | |
| 5 | 0078020 | 202271335 | 密集书库/ [索取号:O186.13/13] | 在馆 | |
| 6 | 0092368 | 202270862 | 密集书库/ [索取号:O186.13/13] | 在馆 | |
| 7 | 0092369 | 000396798 | 第二样本阅览室/ [索取号:O186.13/13] | 在馆 |